000 00506nam a2200181Ia 4500
003 GCL
008 140319s9999 xx 000 0 ara d
040 _aGCL /
_cGCL
082 0 4 _aق
_b953.08
_bم ن
100 1 _aمحمود رزق سليم
245 1 0 _aالنيل فى عصر المماليك /
_cمحمود رزق سليم
260 _a[S.N] :
_bدار العلم للطباعة ،
_c1965
300 _a154 ص
490 _a
650 0 4 _aمصر
650 0 4 _aنهر النيل
942 _2ddc
_cBK
999 _c36542
_d36542